Città italiane da foto satellitari - Statistics

Statistiche generali
  • Questo quiz è stato fatto 187 volte
  • Il punteggio medio è 5 su 12
Statistiche sulle risposte
con Immagini Risposta % Corretto
Milano
97%
Firenze
89%
Bologna
65%
Matera
49%
Verona
46%
Bari
29%
Catania
22%
Ferrara
20%
Lecco
16%
Salerno
14%
Savona
11%
Ascoli
7%
Nessun quiz corrispondente trovato
Distribuzione punteggi
Percentuale di utenti per punteggio
Percentile per numero di risposta
I tuoi punteggi nel tempo
Non hai fatto questo quiz